01016ntm a2200253 a 450000100060000000300080000600500170001400800410003103500190007204000350009104100080012608200280013410000250016224502060018726000790039330000360047250200860050850400320059465000240062665000190065065000190066970000360068870000380072475497BD-RjUL20211209082712.0190416s2016 bg a|||| mb|| 00| 0 eng d a(BD-RjUL)75715 aBD-RjULbengcBD-RjULdBD-RjUL aeng 223a633.16894bZAI 20161 aZahan, Shirin Akther10aInfluence of Sowing dates and Split application of Nitrogen on growth, Yield and Quality barley /cSubmitted by Shirin Akther Zahan ;6Suvervisor : Md. Belal Hossain ; Co-Supervisor: Md. Arifur Rahman aRajshahi:bDepartment of Agronomy and Agricultural Extention, R. U.,c2016 axvi, 189leaves:bIll. ;c30 cm. aThesis (Ph.D.) -- Department of Agronomy and Agricultural Extention, R. U., 2016 aRefernces : leaves 145-169 aBarleyvFertilizers aBarleyvGrowth aBarleyvYields aHossain, Md. Belal, Suvervisor  aRahman, Md. Arifur, Co-Supervisor